[Event "Cup"]
[Site "Kali HUN"]
[Date "2002.01.23"]
[Round "8"]
[White "Gadacsi,M"]
[Black "Czebe,A"]
[Result "0-1"]
[WhiteElo "2099"]
[BlackElo "2489"]

1.e4 d5 2.exd5 Qxd5 3.Nc3 Qd6 4.d4 Nf6 5.Nf3 a6 6.g3 Bg4 7.Bg2 Nc6 8.d5 Ne5
9.Bf4 Nxf3+ 10.Bxf3 e5 11.Bxg4 exf4 12.Qe2+ Be7 13.Bf3 O-O-O 14.O-O-O Rhe8
15.Qd3 Kb8 16.Rhe1 Qb6 17.Re2 Bb4 18.Rxe8 Rxe8 19.Qd4 Qxd4 20.Rxd4 fxg3 21.hxg3 Bxc3
22.bxc3 Re1+ 23.Rd1 Rxd1+ 24.Kxd1 Kc8 25.Kd2 Kd7 26.Kd3 Kd6 27.Kd4 h5 28.c4 b6
29.Bg2 g5 30.Bh3 h4 31.gxh4 gxh4 32.Bf5 Nd7 33.Bh3 Ne5 34.a3 Nf3+ 35.Ke3 Ng5
36.Bg2 h3 37.Bh1 f5 38.Kf4 Ne4 39.Bxe4 fxe4 40.Kg3 Kc5 41.Kxh3 Kxc4 42.Kg4 Kxd5
43.Kf4 b5 44.Ke3 Ke5 45.Ke2 Kf4 46.Kd2 Kf3 47.Ke1 e3 48.fxe3 Kxe3 49.Kd1 c5
50.Kc1 a5 51.Kb2 Kd2 52.Kb1 a4 53.Kb2 c4 54.Kb1 c3  0-1

[Event "TSGM January"]
[Site "Novi Sad YUG"]
[Date "2002.01.25"]
[Round "7"]
[White "Deglmann,L"]
[Black "Radlovacki,J"]
[Result "1/2-1/2"]
[WhiteElo "2279"]
[BlackElo "2400"]

1.e4 d5 2.exd5 Qxd5 3.Nc3 Qd6 4.d4 Nf6 5.Nf3 a6 6.g3 Bg4 7.h3 Bh5 8.g4 Bg6
9.Ne5 Nc6 10.Nxc6 Qxc6 11.d5 Qd6 12.Bg2 O-O-O 13.Qf3 e5 14.dxe6 Qxe6+ 15.Be3 c6
16.O-O Bd6 17.Bf4 Rhe8 18.Bxd6 Rxd6 19.Qf4 Nd7 20.Rae1 Qxe1 21.Qxd6 Qe7 22.Qd4 f5
23.Rd1 fxg4 24.hxg4 Nc5 25.b4 Ne6 26.Qa7 Rd8 27.Bxc6 Rxd1+ 28.Nxd1 Nd8 29.Bf3 Bxc2
30.Ne3 Qxb4 31.Nd5 Qd6 32.Nb6+ Kc7 33.Nd5+ Kd7 34.Qd4 Ne6 35.Nb6+ Kc7 36.Na8+ Kd7  1/2-1/2

[Event "TCh-ISR"]
[Site "ISR"]
[Date "2002.02.02"]
[Round "4"]
[White "Bar,R"]
[Black "Gofshtein,Z"]
[Result "1/2-1/2"]
[WhiteElo "2418"]
[BlackElo "2498"]

1.e4 d5 2.exd5 Qxd5 3.Nc3 Qd6 4.d4 Nf6 5.Bc4 a6 6.Bb3 Bg4 7.f3 Bf5 8.Nge2 e6
9.Bf4 Qb6 10.Qd2 Nbd7 11.Na4 Qa7 12.O-O-O b5 13.Nac3 O-O-O 14.Ng3 Bg6 15.Qe2 Bb4
16.Nce4 Nd5 17.Bd2 Rhe8 18.Bxb4 Nxb4 19.f4 Qb6 20.c3 Nc6 21.Qf3  1/2-1/2

[Event "TCh-FRA Nat 1"]
[Site "Monaco FRA"]
[Date "2002.02.02"]
[Round "2"]
[White "Crouan,S"]
[Black "Carton,C"]
[Result "0-1"]
[WhiteElo "2307"]
[BlackElo "2221"]

1.e4 d5 2.exd5 Qxd5 3.Nc3 Qd6 4.d4 Nf6 5.Be2 a6 6.Nf3 b5 7.Qd3 Bb7 8.Ne5 Nbd7
9.Bf4 Qb6 10.a4 b4 11.a5 Qe6 12.Na4 Bxg2 13.Rg1 Be4 14.Qd2 Nxe5 15.Bxe5 Qc6
16.c4 e6 17.c5 Nd5 18.Bc4 f6 19.Bg3 Be7 20.Bxd5 exd5 21.Qxb4 O-O 22.Nc3 Bf3
23.Qa4 Qb7 24.b4 Rfe8 25.Kd2 Qc8 26.Qc6 Qg4 27.Rge1 Qxd4+ 28.Kc2  0-1

[Event "7th HIT Open"]
[Site "Nova Gorica SLO"]
[Date "2002.02.04"]
[Round "5"]
[White "Palac,M"]
[Black "Sermek,D"]
[Result "1/2-1/2"]
[WhiteElo "2580"]
[BlackElo "2595"]

1.e4 d5 2.exd5 Qxd5 3.Nc3 Qd6 4.d4 Nf6 5.Bd3 Bg4 6.Nge2 e6 7.f3 Bh5 8.Bf4 Qd7
9.Qd2 Nc6 10.O-O-O Bb4 11.a3  1/2-1/2

[Event "Aeroflot Open"]
[Site "Moscow RUS"]
[Date "2002.02.10"]
[Round "9"]
[White "Inarkiev,E"]
[Black "Kogan,A"]
[Result "0-1"]
[WhiteElo "2500"]
[BlackElo "2568"]

1.e4 d5 2.exd5 Qxd5 3.Nc3 Qd8 4.d4 Nf6 5.Nf3 c6 6.Bc4 Bf5 7.Ne5 e6 8.g4 Bg6
9.h4 Nbd7 10.Qe2 Bb4 11.Rh3 Nb6 12.h5 Be4 13.Bf4 Nxc4 14.Nxc4 Bxc2 15.Be5 Ba4
16.h6 Rg8 17.hxg7 Rxg7 18.Qf3 Rg6 19.g5 Qd5 20.Nd6+ Kd7 21.Qf4 Rf8 22.Ke2 Bxc3
23.bxc3 Bb5+ 24.Kd2 Ne8 25.Nxb7 Qc4 26.Nc5+ Kc8 27.Rxh7 Qe2+ 28.Kc1 a5 29.a4 Bd3
30.Qd2 Rxg5 31.Qxe2 Bxe2 32.Kd2 Bh5 33.Rh1 Bg4 34.Rh8 Rfg8 35.Rb1 Nc7 36.Rh7 Rxe5
37.dxe5 Rd8+ 38.Ke3 Nd5+ 39.Kd4 Nf6+ 40.Ke3 Nxh7 41.Rb6 Rd5 42.Rxc6+ Kb8
43.f4 Nf8 44.c4 Rd8 45.Ra6 Nd7 46.Rd6 Kc8 47.Rc6+ Kb8 48.Rd6 Kc7 49.Na6+ Kc8
50.c5 Bf5 51.Rc6+ Kb7 52.Rd6 Rc8 53.Kd4 Nf8 54.Rb6+ Ka7 55.Kc4 Be4 56.Kb5 Bd3+
57.Kxa5 Nd7 58.Rd6 Nxc5 59.Nxc5 Rxc5+ 60.Kb4 Rd5 61.Rxd5 exd5 62.Kc5 Be4  0-1

[Event "10th Open"]
[Site "Valle d'Aosta ITA"]
[Date "2002.02.15"]
[Round "7"]
[White "Dervishi,E"]
[Black "Perez,Rod"]
[Result "1-0"]
[WhiteElo "2525"]
[BlackElo "2429"]

1.e4 d5 2.exd5 Qxd5 3.Nc3 Qd6 4.d4 Nf6 5.Nf3 a6 6.Be2 Nbd7 7.O-O e6 8.Bg5 Be7
9.Qd2 b5 10.Bf4 Qb6 11.Ne5 Bb7 12.a4 b4 13.Nd1 Nxe5 14.Bxe5 c5 15.Ne3 O-O
16.Nc4 Qa7 17.Rad1 Bc6 18.dxc5 Qxc5 19.Bd6 Bxd6 20.Qxd6 Ne4 21.Qd4 Rac8 22.Bf3 f5
23.Nb6 Rc7 24.b3 a5 25.Nc4 Ra8 26.Rfe1 Bd5 27.Ne3 Qxd4 28.Rxd4 Bb7 29.Nc4 Nc5
30.Bxb7 Rxb7 31.Re3 Rc7 32.f3 Ra6 33.Rd6 Ra8 34.Rb6 Nxa4 35.Rbxe6 Nc5 36.Re8+ Rxe8
37.Rxe8+ Kf7 38.Ra8 a4 39.Nd6+ Ke6 40.Nb5 Rd7 41.bxa4 Kd5 42.Kf2 Kc4 43.Ke2 Re7+
44.Kd1 Rd7+ 45.Kc1 Re7 46.Rd8 Nxa4 47.Nd6+ Kc5 48.Nxf5 Re2 49.Rc8+ Kd5 50.Kd1 Re5
51.Rd8+ Kc5 52.Ng3 Nc3+ 53.Kd2 Rg5 54.Ke3 Nd5+ 55.Kf2 Nc3 56.Nf1 Re5 57.Ne3 Re7
58.h4 g6 59.g4 Rf7 60.Ng2 Ra7 61.Nf4 Kc4 62.Rc8+ Kd4 63.Rb8 Kc4 64.Nd3 Nd5
65.Rc8+ Kd4 66.Nxb4 Nxb4 67.c3+ Kd3 68.cxb4 Rb7 69.Kg3 Rxb4 70.Rc7 h5 71.gxh5 gxh5
72.Rc5  1-0

[Event "ch-Serbia"]
[Site "Leskovac YUG"]
[Date "2002.02.17"]
[Round "3"]
[White "Hrzic,I"]
[Black "Vojinovic,G"]
[Result "0-1"]
[WhiteElo "2345"]
[BlackElo "2456"]

1.e4 d5 2.exd5 Qxd5 3.Nc3 Qd6 4.d4 Nf6 5.Nf3 a6 6.Bg5 Bg4 7.h3 Bh5 8.g4 Bg6
9.Bd3 Nbd7 10.Qe2 Bxd3 11.Qxd3 e6 12.O-O-O c6 13.Bh4 Be7 14.Bg3 Qb4 15.Ne5 O-O
16.f4 Rad8 17.a3 Qb6 18.Qf3 Nd5 19.Ne4 f5 20.Nc3 Nxe5 21.dxe5 Qe3+ 22.Qxe3 Nxe3
23.Rxd8 Rxd8 24.Bf2 Nd5 25.Nxd5 Rxd5 26.Rd1 Rxd1+ 27.Kxd1 Kf7 28.Ke2 g5 29.Kf3 Kg6
30.Be3 fxg4+ 31.hxg4 gxf4 32.Bxf4 Bg5 33.a4 Bxf4 34.Kxf4 a5 35.c3 c5 36.b3 b6
37.Kf3 Kg5 38.Kg3 h5 39.gxh5 Kxh5 40.Kf4 Kh4 41.Ke4 Kg3 42.Kd3 Kf4 43.Kc4 Kxe5
44.Kb5 Kd5  0-1

[Event "Petrov Mem Open"]
[Site "St Petersburg RUS"]
[Date "2002.02.17"]
[Round "6"]
[White "Aseev,K"]
[Black "Pridorozhni,A"]
[Result "1-0"]
[WhiteElo "2591"]
[BlackElo "2415"]

1.e4 d5 2.exd5 Qxd5 3.Nc3 Qd6 4.d4 Nf6 5.Nf3 a6 6.Be2 Nc6 7.O-O Bf5 8.Be3 g6
9.Qc1 Bg7 10.Bf4 Qd8 11.Rd1 O-O 12.d5 Nb4 13.Ne1 Qd7 14.a3 Nbxd5 15.Nxd5 Nxd5
16.Bf3 c6 17.c4 e5 18.Bh6 Bxh6 19.Qxh6 Be6 20.Nc2 f5 21.cxd5 cxd5 22.Bxd5 Bxd5
23.Ne3 Qf7 24.Nxd5 Rad8 25.Nc3 Qb3 26.Rd2 f4 27.Rad1 Rxd2 28.Rxd2 Qe6 29.Qg5 Kg7
30.h3 h6 31.Qg4 Rf5 32.Qf3 Qe7 33.Ne4 Rf8 34.Qd3 Rf7 35.Qd6 Qe8 36.Qc5 f3
37.Rd5 fxg2 38.Nd6 Qe6 39.Kxg2 Re7 40.b4 Kh7 41.Rd2 b6 42.Qc3 b5 43.Ne4 Rf7
44.Rd6 Qf5 45.Qe3 Kg7 46.Rxa6 Rd7 47.Rf6  1-0

[Event "Open"]
[Site "Malaga ESP"]
[Date "2002.02.23"]
[Round "2"]
[White "Korneev,O"]
[Black "Vinas Guerrero,C"]
[Result "1-0"]
[WhiteElo "2568"]
[BlackElo "2097"]

1.e4 d5 2.exd5 Qxd5 3.Nc3 Qd6 4.d4 Nf6 5.Nf3 a6 6.g3 Bg4 7.Bg2 e6 8.O-O Nc6
9.h3 Bh5 10.g4 Bg6 11.Be3 Be7 12.Ne5 Nxe5 13.dxe5 Qxe5 14.Bxb7 Bd6 15.Re1 Qh2+
16.Kf1 Rb8 17.Bc6+ Kf8 18.Qf3 Bxc2 19.Bd4 Qf4 20.Qxf4 Bxf4 21.b4 h5 22.g5 Bxg5
23.a4 Bf4 24.a5 Bd2 25.Re5 Bf4 26.b5 Bxe5 27.Bxe5 Bd3+ 28.Ke1 axb5 29.Rd1 Bc4
30.a6 Ke7 31.Bd4 Bd5 32.Nxd5+ Nxd5  1-0

[Event "ch-RUS Girls U20"]
[Site "Vladimir RUS"]
[Date "2002.03.01"]
[Round "1"]
[White "Kuznetsova,I"]
[Black "Korbut,E"]
[Result "0-1"]
[WhiteElo "2177"]
[BlackElo "2359"]

1.e4 d5 2.exd5 Qxd5 3.Nc3 Qd6 4.d4 Nf6 5.Be3 a6 6.Qd2 Bf5 7.Nf3 Nbd7 8.Bc4 e6
9.O-O-O c6 10.h3 b5 11.Bf4 Qb4 12.Bd3 Bxd3 13.Qxd3 Nc5 14.Qe3 Na4 15.Nxa4 Qxa4
16.Kb1 Nd5 17.Qd2 Nb4 18.a3 Nd5 19.Rhe1 b4 20.Ng5 Be7 21.axb4 a5 22.b5 cxb5
23.Nxe6 fxe6 24.Rxe6 O-O 25.Be5 Nb4 26.Qe2 Qa2+ 27.Kc1 Qxe6  0-1

[Event "Ciocaltea Mem"]
[Site "Bucharest ROM"]
[Date "2002.03.07"]
[Round "4"]
[White "Parligras,M"]
[Black "Djukic,Ni"]
[Result "1/2-1/2"]
[WhiteElo "2498"]
[BlackElo "2383"]

1.e4 d5 2.exd5 Qxd5 3.Nc3 Qd8 4.d4 Nf6 5.Bg5 c6 6.Nf3 h6 7.Bxf6 exf6 8.Bd3 Be7
9.O-O O-O 10.Re1 Nd7 11.Qe2 Re8 12.d5 Nf8 13.Rad1 Bd7 14.dxc6 bxc6 15.Bf5 Bd6
16.Qd3 Bxf5 17.Qxf5 Rxe1+ 18.Nxe1 Qb8 19.Qh3 Ne6 20.b3 Be5 21.Ne2 Qb4 22.Qf3 Rd8
23.Nd3 Qb6 24.g3 c5 25.Rf1 c4 26.bxc4 Qa6 27.Nxe5 fxe5 28.Qb3 Nc5 29.Qb4 Ne4
30.Nc3 Nd2 31.Rd1 Nf3+ 32.Kg2 Rxd1 33.Nxd1 Qc6 34.Ne3 Nd2+ 35.Kg1 Nf3+ 36.Kg2 Nd2+
37.Kh3 Ne4 38.Nd5 Nxf2+ 39.Kg2 Ng4 40.Kg1 Kh7 41.h3 Nf6 42.Qb5 Qe6 43.Nxf6+ Qxf6
44.Qd5 Qf5 45.g4 Qf4 46.Kg2 h5 47.gxh5 e4 48.c5 e3 49.Qf3 Qg5+ 50.Kf1 Qxc5
51.Qxf7 Qxc2 52.Qg6+ Qxg6 53.hxg6+ Kxg6 54.Ke2 Kg5 55.Kxe3 Kh4 56.Kf4 Kxh3
57.Kg5  1/2-1/2

[Event "Ciocaltea Mem"]
[Site "Bucharest ROM"]
[Date "2002.03.09"]
[Round "6"]
[White "Lupulescu,C"]
[Black "Djukic,Ni"]
[Result "1/2-1/2"]
[WhiteElo "2473"]
[BlackElo "2383"]

1.e4 d5 2.exd5 Qxd5 3.Nc3 Qd8 4.d4 Nf6 5.Bc4 a6 6.Bb3 b5 7.Qf3 c6 8.Nge2 Bb7
9.O-O e6 10.Nf4 Bd6 11.Nh5 Nxh5 12.Qxh5 O-O 13.Ne4 Be7 14.Ng5 Bxg5 15.Bxg5 Qxd4
16.Be7 Re8 17.Rad1 Qe4 18.Rfe1 Qg6 19.Qc5 Bc8 20.Rd3 a5 21.Rg3 Qh6 22.Bg5 Qh5
23.c4 f6 24.Bd1 Qf7 25.Bh6 g6 26.cxb5 cxb5 27.Qxb5 Bd7 28.Qc4 Nc6 29.Bd2 Rec8
30.Bc3 Ne7 31.Qe4 a4 32.Rd3 Nd5 33.Bd2 Nb6 34.b3 Rd8 35.bxa4 Bxa4 36.Rxd8+ Rxd8
37.Bxa4 Nxa4 38.Bb4 e5 39.a3 Kg7 40.g3 Nb2 41.Rb1 Nd3 42.Qe2 h5 43.h4 Qd5
44.Qe3 Qd4 45.Qxd4 exd4 46.Kf1 Kf7 47.Ke2 Ne5 48.Rc1 Ke6 49.f4 d3+ 50.Ke3 Ng4+
51.Kf3 Kd5 52.Rc7 Re8 53.Rd7+ Kc4 54.Rc7+ Kb5 55.Rc5+ Ka4 56.f5 g5 57.hxg5 fxg5
58.f6 Re3+ 59.Kg2 Re2+ 60.Kg1 Nxf6 61.Rxg5 d2 62.Bxd2 Rxd2 63.Rf5 Rd6 64.Kg2 Kxa3
65.Kf3 Kb3 66.Kf4 Ra6 67.Kg5 Ne4+ 68.Kf4 Ra4 69.Kf3 Kc3 70.Rxh5 Kd4 71.Rh8 Ra3+
72.Kf4 Nxg3 73.Rd8+ Kc5 74.Rd2 Nh5+ 75.Kg5 Ng7 76.Kf6 Ne8+ 77.Ke5 Re3+ 78.Kf4 Re7
79.Rc2+ Kd6 80.Rd2+ Kc6 81.Rc2+ Kd7 82.Ra2 Re1 83.Kf3 Nd6 84.Ra5 Ke6 85.Kf2 Rb1
86.Kf3 Rb3+ 87.Kf4 Rb4+ 88.Kf3 Nf7 89.Ke3 Ne5 90.Ra8 Rb3+ 91.Ke4 Nc6 92.Re8+ Kd6
93.Rh8 Rb4+ 94.Ke3 Kd5 95.Rg8 Re4+ 96.Kd2 Kd4 97.Ra8 Nb4 98.Rd8+ Nd5 99.Ra8 Nb6
100.Rd8+ Kc4 101.Rh8 Na4 102.Rh3 Nc5 103.Re3 Rf4 104.Re8 Rf6 105.Ke3 Kd5
106.Rd8+ Ke5 107.Re8+ Ne6 108.Ra8 Nc7 109.Ra5+ Nd5+ 110.Ke2 Rf8 111.Ra7 Rb8
112.Rh7 Nf4+ 113.Kd2 Kd4 114.Kc2 Rg8 115.Rh4 Rg2+ 116.Kb3 Rf2 117.Rg4 Rf3+
118.Kb4 Rf1 119.Kb5  1/2-1/2

[Event "120th Varsity Match"]
[Site "London ENG"]
[Date "2002.03.09"]
[Round "1"]
[White "Buckley,M"]
[Black "Conlon,J"]
[Result "1/2-1/2"]
[WhiteElo "2147"]
[BlackElo "2170"]

1.e4 d5 2.exd5 Qxd5 3.Nc3 Qd6 4.d4 Nf6 5.Bc4 a6 6.Nge2 b5 7.Bd3 Bb7 8.Bf4 Qb6
9.f3 e6 10.a4 b4 11.a5 Qc6 12.Ne4 Nd5 13.Bd2 f5 14.N4g3 g6 15.c4 bxc3 16.bxc3 Qd7
17.Nf4 c5 18.Qe2 Nxf4 19.Bxf4 Bg7 20.O-O cxd4 21.Be5 O-O 22.Bxg7 Kxg7 23.Qe5+ Rf6
24.Qxd4 Qxd4+ 25.cxd4 Nc6 26.Rfb1 Rf7 27.Ne2 Rd8 28.Rb6 Nxd4 29.Nxd4 Rxd4
30.Bxa6 Bxa6 31.Rxa6 Rd2 32.Rxe6 Rb7 33.Rb6 Re7 34.Kh1 Ree2 35.Rg1 Ra2 36.a6 Kh6
37.Rbb1 Rxa6 38.Rge1 Raa2 39.Rxe2 Rxe2 40.Kg1 Kg5  1/2-1/2

[Event "TCh-CZE 2001-2"]
[Site "CZE"]
[Date "2002.03.10"]
[Round "9"]
[White "Vesselovsky,S"]
[Black "Voloshin,L"]
[Result "1/2-1/2"]
[WhiteElo "2419"]
[BlackElo "2437"]

1.e4 d5 2.exd5 Qxd5 3.Nc3 Qd6 4.g3 Nf6 5.Bg2 c6 6.d4 Bg4 7.Nge2 e6 8.h3 Bh5
9.g4 Bg6 10.Nf4 Na6 11.Nxg6 hxg6 12.Ne2 Qc7 13.c3 Bd6 14.Bg5 Nb8 15.Qd3 Nbd7
16.O-O-O Qa5 17.Bxf6  1/2-1/2

[Event "Ciocaltea Mem"]
[Site "Bucharest ROM"]
[Date "2002.03.11"]
[Round "8"]
[White "Parligras,M"]
[Black "Svetushkin,D"]
[Result "1-0"]
[WhiteElo "2498"]
[BlackElo "2501"]

1.e4 d5 2.exd5 Qxd5 3.Nc3 Qd6 4.d4 Nf6 5.Bc4 a6 6.Nge2 b5 7.Bb3 Bb7 8.Bf4 Qd8
9.O-O e6 10.Ng3 Bd6 11.Bg5 Be7 12.Re1 O-O 13.d5 c5 14.dxc6 Nxc6 15.Nce4 Nd4
16.c3 Nxb3 17.axb3 Nxe4 18.Bxe7 Qxe7 19.Nxe4 Rfd8 20.Qe2 Qh4 21.b4 Rd5 22.f3 Rad8
23.Qf2 Qh6 24.h3 Qf4 25.Nc5 Rd2 26.Re2 Bc8 27.Rae1 h6 28.Rxd2 Rxd2 29.Re2 Rd1+
30.Re1 Rd2 31.Re2 Rd1+ 32.Re1 Rd5 33.Re4 Qc1+ 34.Re1 Qg5 35.Re3 e5 36.f4 exf4
37.Re8+ Kh7 38.Rxc8 Rd1+ 39.Kh2 f3 40.Re8 Qf4+ 41.g3 Qf5 42.Re3 Rd2 43.Qxd2 f2
44.Re1 fxe1=Q 45.Qxe1 Qc2+ 46.Kh1 Qxb2 47.Nxa6 f5 48.Nc7 Qa2 49.Qf1 Qc2 50.Nxb5 g5
51.Nd4 Qe4+ 52.Qf3 Qb1+ 53.Kh2 Qb2+ 54.Ne2 Kg6 55.Qd3 h5 56.g4 hxg4 57.hxg4  1-0

[Event "Ciocaltea Mem"]
[Site "Bucharest ROM"]
[Date "2002.03.13"]
[Round "10"]
[White "Lupulescu,C"]
[Black "Svetushkin,D"]
[Result "1-0"]
[WhiteElo "2473"]
[BlackElo "2501"]

1.e4 d5 2.exd5 Qxd5 3.Nc3 Qd6 4.d4 Nf6 5.Bc4 a6 6.Bb3 e6 7.Nf3 b5 8.Bg5 Bb7
9.Qe2 Nbd7 10.O-O-O c5 11.dxc5 Qxc5 12.Bxe6 fxe6 13.Qxe6+ Qe7 14.Qh3 O-O-O
15.Rhe1 Qc5 16.Ne5 Bc6 17.Nf7 Be7 18.Re5 Qb6 19.Rxe7 b4 20.Bxf6 gxf6 21.Ne4 f5
22.Ned6+ Kb8 23.Nxh8 Rxh8 24.Nf7 Rc8 25.Qg3+ Ka8 26.Rdxd7  1-0

[Event "Open"]
[Site "Reykjavik ISL"]
[Date "2002.03.13"]
[Round "7"]
[White "Johannesson,I"]
[Black "Boricsev,O"]
[Result "0-1"]
[WhiteElo "2267"]
[BlackElo "2333"]

1.e4 d5 2.exd5 Qxd5 3.Nc3 Qd6 4.d4 Nf6 5.Nf3 a6 6.Bd3 Bg4 7.h3 Bh5 8.g4 Bg6
9.Ne2 e6 10.a3 Nbd7 11.Bf4 Qc6 12.Ng3 Bd6 13.Be5 Bxe5 14.dxe5 Nd5 15.Bxg6 hxg6
16.Qd2 N5b6 17.Nd4 Qd5 18.f4 g5 19.O-O-O gxf4 20.Nh5 O-O-O 21.Qxf4 Qa2 22.Nb3 Nc5
23.Qb4 Nba4 24.Nd4 a5 25.Qb5 c6 26.Qxa4 Nxa4  0-1

[Event "TCh-FIN 2001-02"]
[Site "FIN"]
[Date "2002.03.16"]
[Round "8"]
[White "Natri,A"]
[Black "Nivala,T"]
[Result "0-1"]
[WhiteElo "2195"]
[BlackElo "2180"]

1.e4 d5 2.exd5 Qxd5 3.Nc3 Qd6 4.d4 Nf6 5.Nf3 Bg4 6.Be2 Nc6 7.Nb5 Qd7 8.Ne5 Nxe5
9.dxe5 Qxd1+ 10.Bxd1 O-O-O 11.f3 Bd7 12.Nxa7+ Kb8 13.exf6 exf6 14.Be3 b6
15.a4 Kxa7 16.a5 Kb7 17.axb6 cxb6 18.Be2 Bb4+ 19.c3 Rhe8 20.Ba6+ Kc7 21.Kf2 Bc5
22.Bxc5 bxc5 23.Rhd1 Be6 24.Bd3 Bb3 25.Bb5 Rxd1 26.Rxd1 Rb8 27.Rd7+ Kc8 28.Bc6 Rb6
29.Rd6 Kc7  0-1

[Event "13th Goodricke"]
[Site "Calcutta IND"]
[Date "2002.03.17"]
[Round "1"]
[White "Saravanan,V"]
[Black "Sermek,D"]
[Result "1/2-1/2"]
[WhiteElo "2393"]
[BlackElo "2595"]

1.e4 d5 2.exd5 Qxd5 3.Nc3 Qd6 4.d4 Nf6 5.Bc4 a6 6.Bb3 Nc6 7.Nge2 e5 8.dxe5 Qxd1+
9.Nxd1 Nxe5 10.O-O Bd6 11.h3 c5 12.Ne3 Be6 13.Bxe6 fxe6 14.b3 Kf7  1/2-1/2

[Event "Suetin Mem"]
[Site "Tula RUS"]
[Date "2002.03.23"]
[Round "1"]
[White "Kornev,Alexe"]
[Black "Soloviev,M"]
[Result "1-0"]
[WhiteElo "2536"]
[BlackElo "2345"]

1.e4 d5 2.exd5 Qxd5 3.Nc3 Qd8 4.d4 e6 5.Nf3 h6 6.Bd3 Bb4 7.O-O Bxc3 8.bxc3 Bd7
9.Re1 Nf6 10.Ba3 Bc6 11.Rb1 Nbd7 12.Rxe6+ fxe6 13.Bg6+  1-0

[Event "Europe Chess GM"]
[Site "Eger HUN"]
[Date "2002.03.24"]
[Round "5"]
[White "Vajda,L"]
[Black "Boricsev,O"]
[Result "1-0"]
[WhiteElo "2513"]
[BlackElo "2333"]

1.e4 d5 2.exd5 Qxd5 3.Nc3 Qd6 4.d4 Nf6 5.Be3 a6 6.Nf3 Bg4 7.h3 Bh5 8.g4 Bg6
9.Ne5 Nd5 10.Bg2 Nxe3 11.fxe3 c6 12.Na4 f6 13.Nxg6 hxg6 14.Qd3 Qg3+ 15.Kf1 Nd7
16.Qxg6+ Kd8 17.Re1 e6 18.Nc3 Bb4 19.Qe4 Bxc3 20.bxc3 Qd6 21.Rb1 Kc7 22.c4 f5
23.c5 Qd5 24.Qf4+ e5 25.Qxf5 Qc4+ 26.Kg1 Rad8 27.Qg6 Rh6 28.Qxg7 Rf6 29.g5 Re6
30.Kh2 Qxc2 31.Qf7 Ree8 32.Rhc1 Qd2 33.Qb3 Rb8 34.Rc2 Qa5 35.Rcb2 Kd8 36.Qf7 Qc7
37.d5 cxd5 38.Qxd5 e4+ 39.Qd6 Qxc5 40.Qf4 Rg8 41.Qg3 b5 42.Rd2 Ke7 43.Rc1 Qb6
44.Rc7 Rbd8 45.Qe5+ Qe6 46.Qxe6+ Kxe6 47.h4 Ne5 48.Bh3+  1-0

[Event "13th Goodricke"]
[Site "Calcutta IND"]
[Date "2002.03.25"]
[Round "9"]
[White "Satyapragyan,S"]
[Black "Sermek,D"]
[Result "0-1"]
[WhiteElo "2354"]
[BlackElo "2595"]

1.e4 d5 2.exd5 Qxd5 3.Nc3 Qd6 4.d4 Nf6 5.Nf3 a6 6.g3 b5 7.Bg2 Bb7 8.O-O e6
9.Bf4 Qb6 10.a4 Bd6 11.Bxd6 cxd6 12.axb5 axb5 13.Qd3 b4 14.Na4 Qa5 15.c4 bxc3
16.Qxc3 Qxc3 17.bxc3 Nbd7 18.c4 Ke7 19.d5 Rhc8 20.dxe6 fxe6 21.Nd2 Bxg2 22.Kxg2 d5
23.cxd5 exd5 24.Ra2 d4 25.Nf3 d3 26.Nc3 Rxa2 27.Nxa2 Nd5 28.Rd1 Nc5 29.Ne5 Ra8
30.Rd2 Ne4 31.Rxd3 Ke6 32.Rxd5 Kxd5 33.Nd3 Kc4 34.Ne5+ Kd5 35.Nd3 Kd4 36.Nac1 Rc8
37.Nf4 Rc2 38.Nce2+ Ke5 39.h4 g6 40.Kf3 Nd6 41.Kg4 Ne4 42.Kf3 Nd2+ 43.Kg4 Kf6
44.Nd5+ Kg7 45.Ndf4 h6 46.h5 g5 47.Ne6+ Kf6 48.N6d4 Rc4 49.f4 gxf4 50.Kxf4 Nb3
51.Ke4 Nxd4 52.Nxd4 Kg5  0-1

[Event "ch-CAN"]
[Site "Richmond CAN"]
[Date "2002.03.27"]
[Round "7"]
[White "Glinert,S"]
[Black "Spraggett,K"]
[Result "1/2-1/2"]
[WhiteElo "2278"]
[BlackElo "2541"]

1.e4 d5 2.exd5 Qxd5 3.Nc3 Qd6 4.d4 Nf6 5.Nf3 a6 6.Be2 Nc6 7.O-O Bg4 8.h3 Bh5
9.Be3 Rd8 10.Qd2 e6 11.Rad1 Be7 12.Bf4 Qd7 13.Qe3 O-O 14.Ne5 Qe8 15.g4 Bg6
16.Nxg6 hxg6 17.Bxc7 Rc8 18.Bg3 Nb4 19.Bf3 Qd7 20.Qe2 b5 21.Rfe1 Rfe8 22.Rd2 Bf8
23.Qd1 Nfd5 24.Nxd5 Nxd5 25.Rde2 Red8 26.a3  1/2-1/2

[Event "New White Plus GM open"]
[Site "Dhaka BAN"]
[Date "2002.03.31"]
[Round "2"]
[White "Hossain,Enam"]
[Black "Sermek,D"]
[Result "0-1"]
[WhiteElo "2426"]
[BlackElo "2595"]

1.e4 d5 2.exd5 Qxd5 3.Nc3 Qd6 4.d4 Nf6 5.Nf3 a6 6.g3 b5 7.Bg2 Bb7 8.O-O e6
9.Bf4 Qb6 10.Ne5 Bxg2 11.Kxg2 Qb7+ 12.Qf3 Qxf3+ 13.Kxf3 Nbd7 14.Nxd7 Kxd7
15.Rfd1 c6 16.Ne4 Nd5 17.Nc5+ Bxc5 18.dxc5 f6 19.Bd6 a5 20.Rac1 Ra7 21.c4 bxc4
22.Rxc4 Rb7 23.b3 e5 24.Re1 Ra8 25.Ree4 Ke6 26.Kg2 g5 27.h4 h6 28.Re1 Rb4
29.hxg5 hxg5 30.Rh1 a4 31.Rxb4 Nxb4 32.a3 Nc2 33.bxa4 Rxa4 34.Rh7 Rxa3 35.Re7+ Kf5
36.Rc7 Ne1+ 37.Kf1 Nf3  0-1

[Event "FSGMB April"]
[Site "Budapest HUN"]
[Date "2002.04.02"]
[Round "1"]
[White "Pinter,G"]
[Black "Pipa,A"]
[Result "1/2-1/2"]
[WhiteElo "2363"]
[BlackElo "2380"]

1.e4 d5 2.exd5 Qxd5 3.Nc3 Qd6 4.d4 Nf6 5.Nf3 a6 6.Ne5 e6 7.Be2 Nbd7 8.Bf4 Nxe5
9.Bxe5 Qd8 10.O-O Bd6 11.f4 O-O 12.Bf3 Rb8 13.Qe2 b5 14.Rad1 Bb7 15.Bxb7 Rxb7
16.f5 exf5 17.Rxf5 Be7 18.Rd3 Rb6 19.Rh3 b4 20.Ne4 Nxe4 21.Qxe4 Rg6 22.Rfh5 h6
23.Rf5 Bf6 24.Rhf3 Bxe5 25.Rxe5 Rd6 26.Rd3 Qf6 27.Rf3 Qd8 28.Rf4 Qb8 29.Re7 Qb6
30.h3 a5 31.Kh2 a4 32.Kh1 Re6 33.Rxe6 Qxe6  1/2-1/2

[Event "New White Plus GM open"]
[Site "Dhaka BAN"]
[Date "2002.04.02"]
[Round "4"]
[White "Barua,D"]
[Black "Sermek,D"]
[Result "1/2-1/2"]
[WhiteElo "2515"]
[BlackElo "2595"]

1.e4 d5 2.exd5 Qxd5 3.Nc3 Qd6 4.d4 Nf6 5.Nf3 a6 6.Be2 Nbd7 7.O-O e6 8.Re1 Be7
9.Bg5 b5 10.d5 exd5 11.Nd4 Nb6 12.Bf3 O-O 13.Rxe7 Qxe7 14.Nxd5 Nbxd5 15.Bxd5 Qe5
16.Bxa8 Qxg5 17.Bc6 Ng4 18.h3 Ne5 19.Nf3 Nxf3+  1/2-1/2

[Event "New White Plus GM open"]
[Site "Dhaka BAN"]
[Date "2002.04.04"]
[Round "6"]
[White "Reefat,S"]
[Black "Hossain,Enam"]
[Result "1-0"]
[WhiteElo "2450"]
[BlackElo "2426"]

1.e4 d5 2.exd5 Qxd5 3.Nc3 Qd6 4.d4 Nf6 5.Nf3 a6 6.g3 b5 7.Bg2 Bb7 8.O-O e6
9.Ne5 Bxg2 10.Kxg2 b4 11.Qf3 c6 12.Ne4 Qd5 13.Re1 Be7 14.c4 bxc3 15.bxc3 O-O
16.c4 Qd8 17.Nxf6+ Bxf6 18.Ba3 Re8 19.Rab1 Qc7 20.Qh5 Bxe5 21.Qxe5 Qc8 22.Bd6 Nd7
23.Qa5 Ra7 24.Rb3 Qa8 25.c5 Rb7 26.Reb1 Rb5 27.Qc3 Nf6 28.Qf3 Rd8 29.a4 Rxb3
30.Rxb3 Nd5 31.h4 a5 32.Be5 Qc8 33.Qg4 f6 34.Rb8 Qd7 35.Rxd8+ Qxd8 36.Qxe6+ Kh8
37.Bf4 Nxf4+ 38.gxf4 h6 39.d5 cxd5 40.c6 Qc7 41.Kf3 d4 42.Qd7 Qb6 43.c7 Qb3+
44.Kg2 Qb7+ 45.Kh2  1-0

[Event "Golden Cleopatra"]
[Site "Cairo EGY"]
[Date "2002.04.09"]
[Round "3"]
[White "Tiviakov,S"]
[Black "Boricsev,O"]
[Result "1-0"]
[WhiteElo "2614"]
[BlackElo "2333"]

1.e4 d5 2.exd5 Qxd5 3.Nc3 Qd6 4.d4 Nf6 5.Bc4 a6 6.Bb3 Bf5 7.Qf3 Bc8 8.Bf4 Qb6
9.Nge2 c6 10.O-O-O Bg4 11.Qg3 Bxe2 12.Nxe2 Nbd7 13.Bc7 Qa7 14.Nc3 g6 15.Rhe1 b5
16.Bd6 e6 17.Bxf8 Nxf8 18.Qf3 N8d7 19.d5 cxd5 20.Nxd5 Nxd5 21.Bxd5 O-O-O
22.Be4 Nb6 23.Qc3+ Qc7 24.Qa5 Rxd1+ 25.Rxd1 Qf4+ 26.Kb1 Qxe4 27.Qc3+ Kb7
28.Qxh8 Qxg2 29.Qf6 Qxh2 30.Qxf7+ Qc7 31.Qxe6  1-0

[Event "FSGMB April"]
[Site "Budapest HUN"]
[Date "2002.04.10"]
[Round "9"]
[White "Vajda,S"]
[Black "Pipa,A"]
[Result "1/2-1/2"]
[WhiteElo "2387"]
[BlackElo "2380"]

1.e4 d5 2.exd5 Qxd5 3.Nc3 Qd6 4.d4 Nf6 5.Nf3 a6 6.Ne5 Nc6 7.Nxc6 Qxc6 8.Be3 Bf5
9.d5 Qb6 10.Qf3 Bxc2 11.Bc1 Bg6 12.Bc4 Bh5 13.Qf5 Bg4  1/2-1/2

[Event "Classics IMA"]
[Site "Gausdal NOR"]
[Date "2002.04.13"]
[Round "3"]
[White "Richards,H"]
[Black "Johansson,Th"]
[Result "1/2-1/2"]
[WhiteElo "2209"]
[BlackElo "2241"]

1.e4 d5 2.exd5 Qxd5 3.Nc3 Qd6 4.Bc4 Nf6 5.Nf3 Bg4 6.h3 Bh5 7.d4 a6 8.Be3 Nc6
9.Qe2 O-O-O 10.O-O-O Na5 11.g4 Nxc4 12.Qxc4 Bg6 13.Ne5 e6 14.h4 h5 15.Nxg6 fxg6
16.g5 Nd5 17.Rhe1 Qb4 18.Qxb4 Bxb4 19.Bd2 Bxc3 20.bxc3 Kd7 21.c4 Ne7 22.Re4 Nf5
23.Rde1 Rhe8 24.c5 Re7 25.Bb4 c6 26.Bd2 Ke8 27.c3 Kf7 28.Bf4 Rd5 29.Be5 Re8  1/2-1/2

[Event "Masters KO"]
[Site "Villa Martelli ARG"]
[Date "2002.04.13"]
[Round "1.2"]
[White "Rodriguez,And URU"]
[Black "Giaccio,A"]
[Result "1-0"]
[WhiteElo "2460"]
[BlackElo "2517"]

1.e4 d5 2.exd5 Qxd5 3.Nc3 Qd6 4.Bc4 Nf6 5.Nge2 a6 6.d4 Qc6 7.Bb3 Qxg2 8.Rg1 Qxh2
9.Bf4 Qh5 10.Bxc7 Bg4 11.Qd3 Nbd7 12.O-O-O Rc8 13.Bf4 e6 14.f3 Bxf3 15.Rg5 Bxe2
16.Nxe2 Qh4 17.Qf3 Bd6 18.Rxg7 Bxf4+ 19.Nxf4 Qh6 20.Rdg1 Kf8 21.Bxe6 fxe6
22.Kb1 Ke8 23.Qa3 Ng8 24.Qd6 Nf8 25.Nd5 Qh4 26.Rf1  1-0

[Event "Capablanca Mem Mixto"]
[Site "Havana CUB"]
[Date "2002.05.06"]
[Round "1"]
[White "Montalvo,A"]
[Black "Araque,R"]
[Result "0-1"]
[WhiteElo "2268"]
[BlackElo "2365"]

1.e4 d5 2.exd5 Qxd5 3.Nc3 Qd6 4.d4 Nf6 5.g3 Bg4 6.f3 Bf5 7.Bf4 Qd7 8.Qd2 e6
9.g4 Bg6 10.h4 h6 11.a3 a6 12.Bd3 Bxd3 13.Qxd3 Nc6 14.Nge2 O-O-O 15.O-O-O Bd6
16.Bd2 Be7 17.Bf4 Nd5 18.Nxd5 exd5 19.Ng3 h5 20.Nxh5 g6 21.Ng3 Bxh4 22.Ne2 Bf6
23.b4 Rde8 24.c3 Qe7 25.Rhe1 Bh4 26.Bg3 Bxg3 27.Nxg3 Qxe1 28.Rxe1 Rxe1+ 29.Kd2 Rg1
30.Nf5 Rg2+ 31.Ke3 Rxg4 32.b5 axb5 33.Qxb5 Rg5 34.Ng7 Nd8 35.f4 Rg3+ 36.Kf2 Rxc3
37.Qxd5 Rh2+ 38.Kg1 Rd2  0-1